| 000 | 01333cam a2200349 a 4500 | ||
|---|---|---|---|
| 001 | 15091141 | ||
| 005 | 20170105102937.0 | ||
| 008 | 071123s2008 enka b 001 0 eng | ||
| 010 | _a 2007048272 | ||
| 020 | _a9780415425612 (hardback) | ||
| 020 | _a0415425611 (hardback) | ||
| 020 | _a9780415425629 (pbk.) | ||
| 020 | _a041542562X (pbk.) | ||
| 020 | _a9780203926604 (ebook) | ||
| 020 | _a0203926609 (ebook) | ||
| 035 |
_a(OCoLC)166379333 _z(OCoLC)166382997 |
||
| 035 | _a(OCoLC)ocn166379333 | ||
| 040 |
_aDLC _cDLC _dBTCTA _dBAKER _dYDXCP _dOCLCG _dBWK _dC#P _dCDX _dBWX _dDLC |
||
| 050 | 0 | 0 |
_aJZ5588 _b.S4297 2008 |
| 082 | 0 | 0 |
_a355.033 _222 _bSEC 2008 |
| 245 | 0 | 0 |
_aSecurity studies : _ban introduction / _cedited by Paul D. Williams. |
| 260 |
_aLondon ; _aNew York : _bRoutledge, _c2008. |
||
| 300 |
_axxiv, 552 p. : _bill. ; _c26 cm. |
||
| 504 | _aIncludes bibliographical references (p. 512-539) and index. | ||
| 650 | 0 | _aSecurity, International. | |
| 650 | 0 | _aInternational relations. | |
| 700 | 1 |
_aWilliams, Paul, _d1975- |
|
| 856 | 4 | 1 |
_3Table of contents only _uhttp://www.loc.gov/catdir/toc/ecip085/2007048272.html |
| 906 |
_a7 _bcbc _corignew _d1 _eecip _f20 _gy-gencatlg |
||
| 942 |
_2ddc _cBK |
||
| 999 |
_c16337 _d16337 |
||